[Event "GEO-ch U20 Girls 2020"]
[Site "Tbilisi"]
[Date "2020.08.08"]
[Round "3.12"]
[White "Mgeladze, Kesaria"]
[Black "Lomaia, Diana"]
[Result "1/2-1/2"]
[WhiteElo "1215"]
[BlackElo "1999"]
[Annotator "TA"]
[PlyCount "156"]
[EventDate "2020.08.06"]
[EventType "tourn"]
[EventCountry "GEO"]
[SourceTitle "playchess.com"]
[Source "ChessBase"]
[SourceQuality "1"]

{[%evp 22,155,24,0,11,22,15,9,11,21,7,-27,-21,-16,-26,-29,-31,-27,-28,-25,-25,-46,-37,-56,-43,-41,-33,-28,-33,-119,-89,-135,-129,-190,-190,-194,-164,-164,-119,-220,-176,-195,-97,-106,-86,-131,-62,-69,-51,-49,-58,-60,-3,-3,-3,-3,0,0,0,-98,0,0,0,0,0,0,0,0,0,0,0,0,0,0,0,0,0,0,0,0,0,0,83,83,83,83,77,20,20,0,0,0,0,0,0,0,0,0,0,0,0,0,0,0,0,0,0,0,0,0,0,0,0,0,0,0,0,0,0,0,0,0,0,0,0,0,0,0,0,0,0,0,0,0,0,0]} 1. e4 c5 2. Nf3 e6 3. c3 Nf6 4. e5 Nd5 5. d4 cxd4 6. cxd4 Nc6 7. a3 d6 8. Bd3 dxe5 9. dxe5 g6 10. O-O Bg7 11. Re1 O-O 12. b4 Qc7 {[%cal Rc6e5] B22: Sicilian: 2 c3.} 13. Bb2 Rd8 {White must now prevent ...Nf4.} 14. Qb3 a5 {[%cal Ra5b4]} 15. b5 a4 {[#]} 16. Qc2 $146 ({Predecessor:} 16. Qc4 Na5 17. Qxa4 Nb6 18. Qc2 Qxc2 19. Bxc2 Nac4 20. Bc3 Na4 21. Bxa4 Rxa4 22. Bb4 {0-1 (54) Shevchenko,D (2150)-Cakan,C (1956) Albena 2017}) 16... Nce7 17. Qxc7 Nxc7 18. Bf1 Bd7 19. Nc3 Ned5 20. Nxd5 Nxd5 21. Rac1 Bh6 22. Rc2 Rdc8 23. Nd4 Rxc2 24. Nxc2 Rc8 $36 {[%mdl 2048] Black has some pressure.} 25. Nd4 (25. Ne3 $15) 25... Bd2 26. Re2 Bc3 27. Rc2 (27. g3 $17) 27... Bxb2 $19 28. Rxb2 Rc3 29. Ra2 Kf8 30. Ne2 (30. Ra1 $17) 30... Rc5 31. Nd4 Nc7 (31... Rc1 $19 {is more deadly.} 32. h4 f6 33. exf6 e5) 32. b6 Nd5 33. f3 Bc6 ({Black should try} 33... Rc1 $17 {Hoping for ...Ne3.} 34. Kf2 Rd1) 34. Rb2 $15 Ke7 35. Nxc6+ Rxc6 36. Ba6 $1 Rxb6 (36... Nxb6 $15 37. Bxb7 Rc1+ 38. Kf2 Nd7) 37. Rxb6 $11 Nxb6 38. Bxb7 $15 {[%mdl 4096] Endgame KB-KN} Kd7 {aiming for ...Nc4.} 39. Ba6 Kc6 $1 40. Kf2 {[#]} (40. Bd3 $1 $11) 40... Nd5 (40... Kc5 $1 $17 {And now ...Nc4 would win.} 41. Be2 Kd4) 41. Bd3 $11 Kc5 42. g3 h6 43. f4 Nc3 44. Ke3 Nd5+ 45. Kf2 Nb6 46. Ke3 Nd7 47. Bc2 Nb6 48. Bd3 Nd5+ 49. Kf2 Nc3 50. Ke3 Kd5 51. Ba6 Nb1 {[#]} (51... Kc5 $11 {keeps the balance.}) 52. Bb5 $1 $16 Nxa3 53. Bxa4 Nc4+ 54. Ke2 ({Better is} 54. Kf3 $16) 54... Ke4 $11 {The position is equal.} 55. Be8 g5 56. Bxf7 (56. fxg5 {keeps more tension.} hxg5 57. Bxf7 Kxe5 58. Kd3 Nb2+ 59. Kc3) 56... gxf4 57. gxf4 Kf5 58. Bg8 Kxf4 59. Bxe6 Nxe5 60. Kf2 h5 61. h3 h4 62. Bg4 Nd3+ 63. Ke2 Nc5 64. Kf2 Ne4+ 65. Kg2 Ke3 66. Bf5 Nf6 67. Bg4 Nd5 68. Bc8 Nf4+ 69. Kf1 Kf3 70. Bg4+ Kg3 71. Bc8 Ng2 72. Bd7 Nf4 73. Bc8 Nxh3 74. Bxh3 Kxh3 75. Kg1 Kg3 76. Kh1 h3 77. Kg1 h2+ 78. Kh1 Kh3 {Black had all chances to win. Accuracy: White = 83%, Black = 82%.} 1/2-1/2

[Event "GEO-ch U20 Girls 2020"]
[Site "Tbilisi"]
[Date "2020.08.09"]
[Round "4.7"]
[White "Esadze, Tamari"]
[Black "Pipia, Ekaterine"]
[Result "1/2-1/2"]
[WhiteElo "1882"]
[BlackElo "2071"]
[Annotator "TA"]
[PlyCount "62"]
[EventDate "2020.08.06"]
[EventType "tourn"]
[EventCountry "GEO"]
[SourceTitle "playchess.com"]
[Source "ChessBase"]
[SourceQuality "1"]

{[%evp 21,62,8,18,0,0,0,0,0,0,0,0,0,0,0,0,0,0,0,-2,-29,0,0,0,0,0,0,0,0,0,0,0,0,0,0,0,0,0,0,0,0,0,0,0]} 1. e4 e6 2. d4 d5 3. Nc3 dxe4 4. Nxe4 Nd7 5. Nf3 Ngf6 6. Bd3 Nxe4 7. Bxe4 Nf6 8. Bd3 c5 9. dxc5 Bxc5 10. O-O Qc7 11. Qe2 O-O 12. h3 {C10: French with 3 Nc3: Unusual Black 3rd moves and 3...dxe4.} b6 13. Bg5 Bb7 14. Bxf6 gxf6 15. Be4 Rfd8 {[#]} 16. Rfd1 $146 ({Predecessor:} 16. Rad1 Be7 17. Bxb7 Qxb7 18. Rxd8+ Rxd8 19. Rd1 Qc7 20. Rd3 f5 21. Qd2 Rxd3 22. Qxd3 {½-½ (32) Dudukovic,N (2180)-Simic,Z (2277) Senta 2008}) 16... Rxd1+ 17. Rxd1 Bxe4 18. Qxe4 Rd8 19. Qg4+ Kf8 20. Nd4 (20. Ne1 {with more complications.} Rxd1 21. Qxd1 Qe5 22. Nd3 Qd5 23. Kf1) 20... Bxd4 (20... Rd5 {looks sharper.} 21. c3 h5 22. Qe4 Qe5 23. Qd3 Qd6) 21. Rxd4 {The position is equal.} Rxd4 22. Qxd4 Qxc2 23. Qxf6 $11 {[%mdl 4096] Endgame KQ-KQ} Qb1+ 24. Kh2 Qxa2 25. Qd8+ Kg7 26. Qg5+ Kf8 27. Qd8+ Kg7 28. Qg5+ Kh8 29. Qf6+ Kg8 30. Qg5+ Kf8 31. Qd8+ Kg7 {A rather calm draw. Accuracy: White = 92%, Black = 93%.} 1/2-1/2

[Event "GEO-ch U20 Girls 2020"]
[Site "Tbilisi"]
[Date "2020.08.09"]
[Round "4.8"]
[White "Donghvani, Nia"]
[Black "Kirtadze, Anastasia"]
[Result "1-0"]
[WhiteElo "1994"]
[BlackElo "1679"]
[Annotator "ChessBase"]
[PlyCount "125"]
[EventDate "2020.08.06"]
[EventType "tourn"]
[EventCountry "GEO"]
[SourceTitle "playchess.com"]
[Source "ChessBase"]
[SourceQuality "1"]
[TimeControl "40/5400+30:1800+30"]

1. d4 {[%emt 0:00:28]} d5 {[%emt 0:00:34]} 2. Nf3 {[%emt 0:00:36]} Nf6 {[%emt 0:01:14]} 3. g3 {[%emt 0:00:29]} e6 {[%emt 0:00:57]} 4. Bg2 {[%emt 0:00:30]} c5 {[%emt 0:05:38]} 5. O-O {[%emt 0:07:53]} Nc6 {[%emt 0:02:09]} 6. a3 {[%emt 0:05:46]} cxd4 {[%emt 0:05:16]} 7. Nxd4 {[%emt 0:00:40]} Bc5 {[%emt 0:00:55]} 8. Nxc6 {[%emt 0:05:47]} bxc6 {[%emt 0:00:15]} 9. c4 {[%emt 0:00:08]} O-O {[%emt 0:02:17]} 10. Qc2 {[%emt 0:07:40]} Bb6 {[%emt 0:07:02]} 11. Nd2 {[%emt 0:05:08]} e5 {[%emt 0:10:10]} 12. Nb3 {[%emt 0:09:29]} Bb7 {[%emt 0:03:57]} 13. Bd2 {[%emt 0:04:42]} Ba6 {[%emt 0:07:45]} 14. cxd5 {[%emt 0:07:00]} cxd5 {[%emt 0:00:08]} 15. Bb4 {[%emt 0:02:05]} Re8 {[%emt 0:00:28]} 16. Rad1 {[%emt 0:05:57]} Rc8 {[%emt 0:02:30]} 17. Qd2 {[%emt 0:01:48]} Bc4 {[%emt 0:06:14]} 18. Na5 {[%emt 0:07:07]} Bxa5 {[%emt 0:00:26]} 19. Bxa5 {[%emt 0:00:16]} Qd7 {[%emt 0:00:50]} 20. Rfe1 {[%emt 0:04:54]} Qb5 {[%emt 0:03:26]} 21. e3 {[%emt 0:06:39]} e4 {[%emt 0:04:22]} 22. Bc3 {[%emt 0:00:51]} Bd3 {[%emt 0:00:33]} 23. Bf1 {[%emt 0:00:40]} Bxf1 {[%emt 0:03:41]} 24. Rxf1 {[%emt 0:00:04]} Rc6 {[%emt 0:03:00]} 25. Bxf6 {[%emt 0:06:07]} Rxf6 {[%emt 0:00:07]} 26. Qxd5 {[%emt 0:00:05]} Qb8 {[%emt 0:01:11]} 27. b4 {[%emt 0:03:07]} h6 {[%emt 0:01:53]} 28. Rd4 {[%emt 0:00:48]} Rfe6 {[%emt 0:00:32]} 29. a4 {[%emt 0:00:50]} Re5 {[%emt 0:00:24]} 30. Qd6 {[%emt 0:02:42]} Qc8 {[%emt 0:00:24]} 31. Qd7 {[%emt 0:01:13]} Qa6 {[%emt 0:00:31]} 32. b5 {[%emt 0:02:06]} Qb6 {[%emt 0:01:26]} 33. Rd6 {[%emt 0:01:09]} Qb8 {[%emt 0:00:45]} 34. Rc1 {[%emt 0:00:56]} R5e7 {[%emt 0:00:44]} 35. Qc6 {[%emt 0:00:06]} Rf8 {[%emt 0:03:32]} 36. Qd5 {[%emt 0:00:27]} Qe8 {[%emt 0:01:16]} 37. Rdc6 {[%emt 0:00:25]} Re5 {[%emt 0:01:41]} 38. Qd4 {[%emt 0:00:11]} Qe7 {[%emt 0:00:41]} 39. Rc7 {[%emt 0:00:17]} Qe6 {[%emt 0:00:07]} 40. Rxa7 {[%emt 0:01:44]} Rd5 {[%emt 0:00:59]} 41. Qc4 {[%emt 0:30:25]} Rd1+ {[%emt 0:30:26]} 42. Kg2 {[%emt 0:00:02]} Rxc1 {[%emt 0:00:06]} 43. Qxc1 {[%emt 0:00:06]} Qg4 {[%emt 0:00:05]} 44. Qd2 {[%emt 0:01:11]} Rb8 {[%emt 0:01:58]} 45. Rd7 {[%emt 0:00:15]} Qf3+ {[%emt 0:00:33]} 46. Kg1 {[%emt 0:00:05]} Kh7 {[%emt 0:00:22]} 47. Qd1 {[%emt 0:00:09]} Qf5 {[%emt 0:00:16]} 48. Qd5 {[%emt 0:00:32]} Qg4 {[%emt 0:01:13]} 49. Rxf7 {[%emt 0:00:21]} Kh8 {[%emt 0:00:12]} 50. Rf4 {[%emt 0:00:35]} Qe2 {[%emt 0:00:37]} 51. Qxe4 {[%emt 0:00:05]} Rc8 {[%emt 0:00:29]} 52. Kg2 {[%emt 0:00:21]} Qa2 {[%emt 0:01:06]} 53. Qb7 {[%emt 0:01:01]} Rd8 {[%emt 0:00:14]} 54. Qf7 {[%emt 0:00:36]} Qa3 {[%emt 0:00:41]} 55. Rg4 {[%emt 0:00:29]} Rg8 {[%emt 0:00:49]} 56. b6 {[%emt 0:00:04]} Qc3 {[%emt 0:00:11]} 57. b7 {[%emt 0:00:45]} Qc6+ {[%emt 0:00:05]} 58. Qf3 {[%emt 0:00:21]} Qb6 {[%emt 0:00:13]} 59. Rc4 {[%emt 0:00:17]} Qe6 {[%emt 0:00:09]} 60. Qc6 {[%emt 0:00:23]} Qf7 {[%emt 0:00:14]} 61. Qc8 {[%emt 0:00:52]} Qd5+ {[%emt 0:00:25]} 62. e4 {[%emt 0:00:11]} Qd6 {[%emt 0:00:08]} 63. Qxg8+ {[%emt 0:00:27]} 1-0

[Event "GEO-ch U20 Girls 2020"]
[Site "Tbilisi"]
[Date "2020.08.09"]
[Round "4.9"]
[White "Tsotsonava, Elene"]
[Black "Bechvaia, Maia"]
[Result "0-1"]
[WhiteElo "2012"]
[BlackElo "1597"]
[Annotator "ChessBase"]
[PlyCount "102"]
[EventDate "2020.08.06"]
[EventType "tourn"]
[EventCountry "GEO"]
[SourceTitle "playchess.com"]
[Source "ChessBase"]
[SourceQuality "1"]
[TimeControl "40/5400+30:1800+30"]

1. e4 {[%emt 0:00:00]} c5 {[%emt 0:00:08]} 2. Nf3 {[%emt 0:00:00]} Nc6 {[%emt 0:00:37]} 3. d4 {[%emt 0:00:00]} cxd4 {[%emt 0:00:06]} 4. Nxd4 {[%emt 0:00:00]} e5 {[%emt 0:00:08]} 5. Nb5 {[%emt 0:00:07]} d6 {[%emt 0:00:13]} 6. N1c3 {[%emt 0:00:18]} a6 {[%emt 0:00:15]} 7. Na3 {[%emt 0:00:05]} b5 {[%emt 0:00:04]} 8. Nd5 {[%emt 0:00:03]} Be6 {[%emt 0:05:09]} 9. c4 {[%emt 0:00:44]} bxc4 {[%emt 0:11:51]} 10. Nxc4 {[%emt 0:00:57]} Bxd5 {[%emt 0:00:38]} 11. exd5 {[%emt 0:04:05]} Nb8 {[%emt 0:04:05]} 12. Be3 {[%emt 0:04:26]} Nd7 {[%emt 0:00:36]} 13. Qa4 {[%emt 0:02:59]} Ngf6 {[%emt 0:02:03]} 14. Bb6 {[%emt 0:09:10]} Qb8 {[%emt 0:01:52]} 15. Qc6 {[%emt 0:11:25]} Be7 {[%emt 0:02:55]} 16. Be2 {[%emt 0:13:26]} O-O {[%emt 0:00:21]} 17. Bc7 {[%emt 0:05:20]} Qb4+ {[%emt 0:00:34]} 18. Kf1 {[%emt 0:00:08]} Rac8 {[%emt 0:03:54]} 19. Rd1 {[%emt 0:09:25]} a5 {[%emt 0:33:57]} 20. Bxa5 {[%emt 0:09:48]} Qb8 {[%emt 0:00:35]} 21. Qa4 {[%emt 0:00:20]} Nc5 {[%emt 0:00:15]} 22. Qb4 {[%emt 0:00:35]} Qa7 {[%emt 0:02:41]} 23. Qb6 {[%emt 0:05:03]} Qa8 {[%emt 0:01:04]} 24. Qb5 {[%emt 0:07:16]} Rb8 {[%emt 0:01:01]} 25. Qc6 {[%emt 0:01:33]} Qa7 {[%emt 0:00:49]} 26. Bb6 {[%emt 0:04:05]} Qxa2 {[%emt 0:00:21]} 27. Bxc5 {[%emt 0:01:42]} Rfc8 {[%emt 0:00:31]} 28. Bxd6 {[%emt 0:01:18]} Rxc6 {[%emt 0:00:10]} 29. dxc6 {[%emt 0:00:10]} Bxd6 {[%emt 0:00:11]} 30. Nxd6 {[%emt 0:00:31]} Qa5 {[%emt 0:02:16]} 31. Nb5 {[%emt 0:05:21]} g6 {[%emt 0:01:59]} 32. h4 {[%emt 0:02:15]} Kg7 {[%emt 0:01:08]} 33. c7 {[%emt 0:00:52]} Rc8 {[%emt 0:00:18]} 34. Rh3 {[%emt 0:00:46]} Ne8 {[%emt 0:01:20]} 35. Rc3 {[%emt 0:00:26]} Nxc7 {[%emt 0:02:27]} 36. Rdc1 {[%emt 0:00:16]} Nxb5 {[%emt 0:00:09]} 37. Rxc8 {[%emt 0:00:03]} Nd4 {[%emt 0:00:11]} 38. Bc4 {[%emt 0:02:00]} Qd2 {[%emt 0:01:06]} 39. Bd5 {[%emt 0:00:56]} Qd3+ {[%emt 0:04:23]} 40. Kg1 {[%emt 0:00:09]} Ne2+ {[%emt 0:00:06]} 41. Kh2 {[%emt 0:30:16]} Nxc1 {[%emt 0:30:08]} 42. Bc4 {[%emt 0:00:44]} Qd7 {[%emt 0:00:14]} 43. Rc5 {[%emt 0:00:19]} Qd6 {[%emt 0:00:29]} 44. Rd5 {[%emt 0:00:43]} Qc6 {[%emt 0:00:07]} 45. b3 {[%emt 0:00:07]} e4 {[%emt 0:01:51]} 46. h5 {[%emt 0:00:38]} Qf6 {[%emt 0:01:33]} 47. Kg1 {[%emt 0:01:04]} gxh5 {[%emt 0:02:52]} 48. Rxh5 {[%emt 0:00:41]} Nd3 {[%emt 0:00:09]} 49. f3 {[%emt 0:00:39]} Qd4+ {[%emt 0:01:05]} 50. Kh2 {[%emt 0:00:08]} e3 {[%emt 0:00:36]} 51. Rd5 {[%emt 0:01:00]} Qxd5 {[%emt 0:00:37]} 0-1

[Event "GEO-ch U20 Girls 2020"]
[Site "Tbilisi"]
[Date "2020.08.09"]
[Round "4.10"]
[White "Koridze, Lile"]
[Black "Lagazauri, Tamar"]
[Result "1-0"]
[WhiteElo "1996"]
[BlackElo "1709"]
[Annotator "ChessBase"]
[PlyCount "105"]
[EventDate "2020.08.06"]
[EventType "tourn"]
[EventCountry "GEO"]
[SourceTitle "playchess.com"]
[Source "ChessBase"]
[SourceQuality "1"]
[TimeControl "40/5400+30:1800+30"]

1. d4 {[%emt 0:00:00]} Nf6 {[%emt 0:00:00]} 2. c4 {[%emt 0:00:00]} e6 {[%emt 0:00:00]} 3. g3 {[%emt 0:00:00]} Bb4+ {[%emt 0:01:29]} 4. Bd2 {[%emt 0:00:10]} Bxd2+ {[%emt 0:08:19]} 5. Qxd2 {[%emt 0:00:15]} d5 {[%emt 0:02:47]} 6. Bg2 {[%emt 0:03:09]} O-O {[%emt 0:02:28]} 7. Nf3 {[%emt 0:00:26]} Nbd7 {[%emt 0:07:43]} 8. Qc2 {[%emt 0:01:20]} c5 {[%emt 0:09:49]} 9. O-O {[%emt 0:06:19]} cxd4 {[%emt 0:04:12]} 10. cxd5 {[%emt 0:01:45]} Nxd5 {[%emt 0:01:27]} 11. Nxd4 {[%emt 0:00:28]} N7f6 {[%emt 0:06:58]} 12. Rd1 {[%emt 0:04:20]} Qb6 {[%emt 0:03:17]} 13. Na3 {[%emt 0:03:01]} Bd7 {[%emt 0:08:14]} 14. Nc4 {[%emt 0:04:44]} Qa6 {[%emt 0:01:06]} 15. Ne5 {[%emt 0:02:47]} Rfc8 {[%emt 0:01:55]} 16. Qd2 {[%emt 0:06:24]} Be8 {[%emt 0:02:15]} 17. e3 {[%emt 0:05:44]} Rab8 {[%emt 0:08:50]} 18. a3 {[%emt 0:01:48]} Nd7 {[%emt 0:04:20]} 19. Nd3 {[%emt 0:07:06]} Qd6 {[%emt 0:06:23]} 20. Rac1 {[%emt 0:02:55]} a6 {[%emt 0:03:13]} 21. Qe2 {[%emt 0:07:13]} Qe7 {[%emt 0:01:03]} 22. Rxc8 {[%emt 0:03:58]} Rxc8 {[%emt 0:00:10]} 23. Nf4 {[%emt 0:02:46]} Nxf4 {[%emt 0:01:38]} 24. exf4 {[%emt 0:00:05]} Nf6 {[%emt 0:02:55]} 25. Nf5 {[%emt 0:01:47]} Qc7 {[%emt 0:01:27]} 26. Nd6 {[%emt 0:00:31]} Rb8 {[%emt 0:01:28]} 27. Nxe8 {[%emt 0:02:42]} Rxe8 {[%emt 0:01:31]} 28. Qd2 {[%emt 0:02:38]} Rc8 {[%emt 0:01:47]} 29. Bf3 {[%emt 0:04:25]} g6 {[%emt 0:03:49]} 30. Qd4 {[%emt 0:01:41]} Nd5 {[%emt 0:03:43]} 31. f5 {[%emt 0:03:36]} Qc5 {[%emt 0:00:42]} 32. fxe6 {[%emt 0:00:47]} fxe6 {[%emt 0:00:24]} 33. Qe5 {[%emt 0:01:54]} Kf7 {[%emt 0:00:33]} 34. Bxd5 {[%emt 0:05:50]} exd5 {[%emt 0:00:02]} 35. Rxd5 {[%emt 0:00:43]} Qc1+ {[%emt 0:00:50]} 36. Kg2 {[%emt 0:00:06]} Qc6 {[%emt 0:00:03]} 37. Qd6 {[%emt 0:00:52]} Qxd6 {[%emt 0:00:46]} 38. Rxd6 {[%emt 0:00:06]} Ke7 {[%emt 0:00:47]} 39. Rb6 {[%emt 0:00:16]} Rc7 {[%emt 0:00:14]} 40. f4 {[%emt 0:01:08]} Kd7 {[%emt 0:00:45]} 41. Kf3 {[%emt 0:31:12]} Kc8 {[%emt 0:30:35]} 42. Rb3 {[%emt 0:00:41]} Rd7 {[%emt 0:00:31]} 43. Rc3+ {[%emt 0:00:28]} Kb8 {[%emt 0:00:27]} 44. b4 {[%emt 0:00:29]} Ka7 {[%emt 0:00:32]} 45. g4 {[%emt 0:00:44]} Kb6 {[%emt 0:00:30]} 46. f5 {[%emt 0:00:38]} Rf7 {[%emt 0:00:31]} 47. Kf4 {[%emt 0:00:18]} h5 {[%emt 0:00:27]} 48. Kg5 {[%emt 0:01:06]} gxf5 {[%emt 0:00:30]} 49. gxf5 {[%emt 0:00:04]} Rg7+ {[%emt 0:00:29]} 50. Kh6 {[%emt 0:01:11]} Rg2 {[%emt 0:00:21]} 51. Rf3 {[%emt 0:00:10]} Rxh2 {[%emt 0:00:41]} 52. f6 {[%emt 0:00:04]} Rd2 {[%emt 0:00:26]} 53. f7 {[%emt 0:00:07]} 1-0

[Event "GEO-ch U20 Girls 2020"]
[Site "Tbilisi"]
[Date "2020.08.09"]
[Round "4.11"]
[White "Lagazauri, Tamar"]
[Black "Oniani, Tamar"]
[Result "*"]
[WhiteElo "1709"]
[BlackElo "1569"]
[Annotator "NA RC"]
[PlyCount "27"]
[EventDate "2020.08.06"]
[EventType "tourn"]
[EventCountry "GEO"]
[SourceTitle "playchess.com"]
[Source "ChessBase"]
[SourceQuality "1"]
[TimeControl "40/5400+30:1800+30"]

1. d4 {[%emt 0:00:00]} Nf6 {[%emt 0:00:00]} 2. c4 {[%emt 0:00:00]} g6 {[%emt 0:00:00]} 3. Nc3 {[%emt 0:00:00]} Bg7 {[%emt 0:00:00]} 4. e4 {[%emt 0:00:00]} d6 {[%emt 0:00:00]} 5. Be2 {[%emt 0:00:00]} O-O {[%emt 0:00:00]} 6. Bg5 {[%emt 0:00:00]} Na6 {[%emt 0:00:27]} 7. Qd2 {[%emt 0:00:11]} e5 {[%emt 0:00:29]} 8. d5 {[%emt 0:00:28]} Qe8 {[%emt 0:00:45]} 9. h4 {[%emt 0:04:41]} Nc5 {[%emt 0:15:37]} 10. Bxf6 {[%emt 0:28:00]} Bxf6 {[%emt 0:00:18]} 11. g4 {[%emt 0:00:03]} Qe7 {[%emt 0:20:08]} 12. g5 {[%emt 0:06:28]} Bg7 {[%emt 0:00:39]} 13. O-O-O {[%emt 0:16:42]} f5 {[%emt 0:01:33]} 14. f3 {[%emt 0:00:02]} *

[Event "GEO-ch U20 Girls 2020"]
[Site "Tbilisi"]
[Date "2020.08.09"]
[Round "4.11"]
[White "Oniani, Tamar"]
[Black "Janiashvili, Mariami"]
[Result "0-1"]
[WhiteElo "1569"]
[BlackElo "2012"]
[Annotator "ChessBase"]
[PlyCount "70"]
[EventDate "2020.08.06"]
[EventType "tourn"]
[EventCountry "GEO"]
[SourceTitle "playchess.com"]
[Source "ChessBase"]
[SourceQuality "1"]
[TimeControl "40/5400+30:1800+30"]

1. d4 {[%emt 0:00:00]} Nf6 {[%emt 0:00:00]} 2. c4 {[%emt 0:00:00]} g6 {[%emt 0:00:00]} 3. Nc3 {[%emt 0:00:00]} Bg7 {[%emt 0:00:00]} 4. e4 {[%emt 0:00:00]} d6 {[%emt 0:00:00]} 5. Be2 {[%emt 0:00:00]} O-O {[%emt 0:00:00]} 6. Bg5 {[%emt 0:00:00]} Na6 {[%emt 0:00:27]} 7. Qd2 {[%emt 0:00:11]} e5 {[%emt 0:00:29]} 8. d5 {[%emt 0:00:28]} Qe8 {[%emt 0:00:45]} 9. h4 {[%emt 0:04:41]} Nc5 {[%emt 0:15:37]} 10. Bxf6 {[%emt 0:28:00]} Bxf6 {[%emt 0:00:18]} 11. g4 {[%emt 0:00:03]} Qe7 {[%emt 0:20:08]} 12. g5 {[%emt 0:06:28]} Bg7 {[%emt 0:00:39]} 13. O-O-O {[%emt 0:16:42]} f5 {[%emt 0:01:33]} 14. f3 {[%emt 0:00:02]} b5 {[%emt 0:06:40]} 15. cxb5 {[%emt 0:02:21]} a6 {[%emt 0:00:10]} 16. b6 {[%emt 0:00:57]} cxb6 {[%emt 0:06:10]} 17. h5 {[%emt 0:08:11]} b5 {[%emt 0:03:35]} 18. b4 {[%emt 0:12:01]} Na4 {[%emt 0:03:55]} 19. Nxa4 {[%emt 0:03:29]} bxa4 {[%emt 0:00:01]} 20. hxg6 {[%emt 0:00:07]} hxg6 {[%emt 0:00:08]} 21. Bd3 {[%emt 0:00:24]} Bd7 {[%emt 0:01:29]} 22. Ne2 {[%emt 0:02:42]} a3 {[%emt 0:19:48]} 23. Rdg1 {[%emt 0:01:15]} f4 {[%emt 0:01:41]} 24. Nc3 {[%emt 0:01:40]} Rab8 {[%emt 0:00:58]} 25. Nb1 {[%emt 0:02:43]} a5 {[%emt 0:01:34]} 26. Nxa3 {[%emt 0:04:24]} Rxb4 {[%emt 0:01:36]} 27. Nc2 {[%emt 0:02:29]} Rc8 {[%emt 0:03:12]} 28. Qh2 {[%emt 0:01:51]} Kf7 {[%emt 0:09:07]} 29. Qe2 {[%emt 0:00:52]} Ba4 {[%emt 0:00:33]} 30. Rh2 {[%emt 0:00:20]} Bxc2 {[%emt 0:01:54]} 31. Bxc2 {[%emt 0:00:05]} Qa7 {[%emt 0:00:10]} 32. Rd1 {[%emt 0:01:50]} Qb6 {[%emt 0:00:30]} 33. Qd3 {[%emt 0:01:09]} Rb1+ {[%emt 0:00:33]} 34. Kd2 {[%emt 0:00:05]} Rxc2+ {[%emt 0:00:14]} 35. Qxc2 {[%emt 0:00:04]} Qe3# {[%emt 0:00:03]} 0-1

[Event "GEO-ch U20 Girls 2020"]
[Site "Tbilisi"]
[Date "2020.08.09"]
[Round "4.12"]
[White "Lomaia, Diana"]
[Black "Tsetskhladze, Mariam"]
[Result "1-0"]
[WhiteElo "1999"]
[BlackElo "1397"]
[Annotator "ChessBase"]
[PlyCount "117"]
[EventDate "2020.08.06"]
[EventType "tourn"]
[EventCountry "GEO"]
[SourceTitle "playchess.com"]
[Source "ChessBase"]
[SourceQuality "1"]
[TimeControl "40/5400+30:1800+30"]

1. d4 {[%emt 0:00:00]} f5 {[%emt 0:00:00]} 2. c4 {[%emt 0:00:00]} Nf6 {[%emt 0:00:00]} 3. g3 {[%emt 0:00:00]} g6 {[%emt 0:00:00]} 4. Bg2 {[%emt 0:00:02]} Bg7 {[%emt 0:00:02]} 5. Nf3 {[%emt 0:00:41]} d6 {[%emt 0:00:29]} 6. Nc3 {[%emt 0:01:36]} O-O {[%emt 0:00:19]} 7. O-O {[%emt 0:00:41]} Qe8 {[%emt 0:00:19]} 8. d5 {[%emt 0:08:38]} a5 {[%emt 0:00:42]} 9. Nd4 {[%emt 0:04:25]} Na6 {[%emt 0:01:39]} 10. Rb1 {[%emt 0:02:14]} Nc5 {[%emt 0:02:32]} 11. b3 {[%emt 0:00:36]} Qf7 {[%emt 0:05:22]} 12. a3 {[%emt 0:04:10]} Bd7 {[%emt 0:07:54]} 13. Ncb5 {[%emt 0:13:16]} Ne8 {[%emt 0:18:18]} 14. Ne6 {[%emt 0:09:41]} Nxe6 {[%emt 0:05:55]} 15. dxe6 {[%emt 0:00:16]} Bxe6 {[%emt 0:00:23]} 16. Bxb7 {[%emt 0:00:43]} Rb8 {[%emt 0:00:10]} 17. Bc6 {[%emt 0:07:40]} Rc8 {[%emt 0:03:09]} 18. a4 {[%emt 0:01:36]} f4 {[%emt 0:03:24]} 19. Bb2 {[%emt 0:17:33]} Bxb2 {[%emt 0:04:59]} 20. Rxb2 {[%emt 0:00:04]} Bh3 {[%emt 0:01:13]} 21. Bg2 {[%emt 0:00:16]} Bxg2 {[%emt 0:00:20]} 22. Kxg2 {[%emt 0:00:02]} c6 23. Nc3 {[%emt 0:04:54]} Nc7 {[%emt 0:11:06]} 24. Rd2 {[%emt 0:06:52]} Ne6 {[%emt 0:02:06]} 25. Ne4 {[%emt 0:01:14]} Qf5 {[%emt 0:02:29]} 26. f3 {[%emt 0:00:29]} Rb8 {[%emt 0:08:08]} 27. Rd3 {[%emt 0:01:30]} Rb7 {[%emt 0:04:32]} 28. g4 {[%emt 0:01:18]} Qe5 {[%emt 0:00:37]} 29. Qa1 {[%emt 0:03:35]} Qxa1 {[%emt 0:00:59]} 30. Rxa1 {[%emt 0:00:01]} Rfb8 {[%emt 0:00:14]} 31. Ra3 {[%emt 0:00:30]} Kf7 {[%emt 0:05:01]} 32. h4 {[%emt 0:04:40]} h6 {[%emt 0:00:37]} 33. g5 {[%emt 0:03:05]} h5 {[%emt 0:00:26]} 34. Nd2 {[%emt 0:01:20]} c5 {[%emt 0:03:32]} 35. e3 {[%emt 0:00:20]} fxe3 {[%emt 0:00:14]} 36. Rxe3 {[%emt 0:00:01]} Nd4 {[%emt 0:00:24]} 37. Rc3 {[%emt 0:00:09]} Ke6 {[%emt 0:01:04]} 38. Kf2 {[%emt 0:00:49]} Nf5 {[%emt 0:01:11]} 39. Ra1 {[%emt 0:00:45]} Nxh4 {[%emt 0:01:32]} 40. Re1+ {[%emt 0:00:02]} Kd7 {[%emt 0:00:20]} 41. Rce3 {[%emt 0:32:42]} e5 {[%emt 0:30:52]} 42. Re4 {[%emt 0:00:48]} Nf5 {[%emt 0:01:25]} 43. f4 {[%emt 0:00:03]} exf4 {[%emt 0:01:24]} 44. Re6 {[%emt 0:01:11]} Rg8 {[%emt 0:00:36]} 45. Ne4 {[%emt 0:01:25]} Kxe6 {[%emt 0:01:33]} 46. Nxc5+ {[%emt 0:00:04]} Kf7 {[%emt 0:01:00]} 47. Nxb7 {[%emt 0:00:02]} Ra8 {[%emt 0:00:20]} 48. Re4 {[%emt 0:00:17]} Kf8 {[%emt 0:02:06]} 49. Kf3 {[%emt 0:00:26]} Ra7 {[%emt 0:00:30]} 50. Nd8 {[%emt 0:00:04]} Ne7 {[%emt 0:01:07]} 51. Kxf4 {[%emt 0:00:52]} Ke8 {[%emt 0:00:09]} 52. Nc6 {[%emt 0:00:08]} Rb7 {[%emt 0:00:35]} 53. Nxa5 {[%emt 0:00:08]} Rb6 {[%emt 0:00:09]} 54. b4 {[%emt 0:01:16]} Rxb4 {[%emt 0:00:13]} 55. Rxe7+ {[%emt 0:00:04]} Kf8 {[%emt 0:00:40]} 56. Re4 {[%emt 0:00:32]} Rxa4 {[%emt 0:00:19]} 57. Nb7 {[%emt 0:00:10]} Ra6 {[%emt 0:00:28]} 58. Re6 {[%emt 0:00:23]} Rc6 {[%emt 0:00:21]} 59. Nxd6 {[%emt 0:00:25]} 1-0